[Event "World Chess Olympiad 2018"]
[Site "Batumi"]
[Date "2018.10.01"]
[Round "7"]
[Board "2"]
[WhiteFideId "11502398"]
[White "Wazwaz Amjad"]
[BlackFideId "7400268"]
[Black "Rowe Duane"]
[Result "1-0"]
[LiveChessVersion "1.4.8"]
[BlackElo "2147"]
[WhiteElo "1986"]

1. d4 {[%clk 1:30:52]} Nf6 {[%clk 1:30:54]} 2. c4 {[%clk 1:31:15]} c5
{[%clk 1:31:08]} 3. d5 {[%clk 1:31:39]} e6 {[%clk 1:31:29]} 4. a4
{[%clk 1:31:50]} g6 {[%clk 1:31:27]} 5. Ra3 {[%clk 1:30:15]} d6 {[%clk 1:30:09]}
6. g3 {[%clk 1:29:45]} Bg7 {[%clk 1:30:22]} 7. Bg2 {[%clk 1:30:06]} e5
{[%clk 1:09:38]} 8. f4 {[%clk 1:27:31]} exf4 {[%clk 1:07:20]} 9. Bxf4
{[%clk 1:27:25]} O-O {[%clk 1:07:41]} 10. Nc3 {[%clk 1:26:54]} Ne8
{[%clk 0:58:56]} 11. Nf3 {[%clk 1:26:33]} Bg4 {[%clk 0:59:02]} 12. Rb3
{[%clk 1:25:15]} Bxf3 {[%clk 0:55:36]} 13. Bxf3 {[%clk 1:25:26]} Nd7
{[%clk 0:48:29]} 14. O-O {[%clk 1:23:19]} g5 {[%clk 0:46:14]} 15. Bd2
{[%clk 1:21:56]} Ne5 {[%clk 0:46:33]} 16. Qc1 {[%clk 1:22:05]} h6
{[%clk 0:46:04]} 17. Nd1 {[%clk 1:20:43]} Qd7 {[%clk 0:44:39]} 18. a5
{[%clk 1:17:45]} Rb8 {[%clk 0:43:21]} 19. Ra3 {[%clk 1:14:13]} b5 20. axb6 Rxb6
{[%clk 0:39:10]} 21. Qc2 {[%clk 1:11:17]} f5 22. Bg2 {[%clk 1:09:48]} Rb7
{[%clk 0:32:45]} 23. Bh3 {[%clk 1:06:00]} g4 {[%clk 0:30:35]} 24. Bg2
{[%clk 1:06:22]} Qc8 {[%clk 0:30:21]} 25. b3 {[%clk 1:03:50]} Rbf7
{[%clk 0:29:23]} 26. Nc3 {[%clk 1:03:32]} a6 {[%clk 0:28:53]} 27. Rfa1
{[%clk 1:02:58]} Nc7 {[%clk 0:29:00]} 28. Bf4 {[%clk 1:01:57]} Rd8
{[%clk 0:23:27]} 29. Rf1 {[%clk 1:01:21]} Ng6 {[%clk 0:19:25]} 30. Bd2
{[%clk 0:55:25]} Rdf8 {[%clk 0:19:31]} 31. e4 {[%clk 0:52:07]} f4
{[%clk 0:19:39]} 32. gxf4 {[%clk 0:51:36]} Nxf4 {[%clk 0:19:56]} 33. Bxf4
{[%clk 0:51:36]} Rxf4 {[%clk 0:20:21]} 34. Rxf4 {[%clk 0:51:43]} Rxf4
{[%clk 0:20:47]} 35. Ne2 {[%clk 0:52:03]} Qf8 {[%clk 0:18:03]} 36. Nxf4
{[%clk 0:51:34]} Bd4+ {[%clk 0:18:20]} 37. Kh1 {[%clk 0:51:20]} Qxf4
{[%clk 0:18:42]} 38. Ra2 {[%clk 0:50:10]} Be5 {[%clk 0:18:47]} 39. Kg1
{[%clk 0:47:39]} Bd4+ {[%clk 0:12:17]} 40. Kh1 {[%clk 1:17:59]} Be5
{[%clk 0:42:38]} 41. Kg1 {[%clk 1:18:24]} Qxh2+ {[%clk 0:37:22]} 42. Kf1
{[%clk 1:16:05]} Bd4 {[%clk 0:37:03]} 43. Ke1 {[%clk 1:14:17]} Qg1+
{[%clk 0:31:59]} 44. Bf1 {[%clk 1:14:31]} Qe3+ {[%clk 0:31:30]} 45. Kd1
{[%clk 1:13:51]} Be5 {[%clk 0:30:04]} 46. Qd3 {[%clk 1:13:21]} Qf4
{[%clk 0:29:18]} 47. Rg2 {[%clk 1:12:18]} h5 {[%clk 0:28:43]} 48. Be2
{[%clk 1:12:10]} Bg7 {[%clk 0:27:05]} 49. Rg1 {[%clk 1:09:24]} Qe5
{[%clk 0:25:37]} 50. Rf1 {[%clk 1:08:28]} Qa1+ {[%clk 0:25:06]} 51. Kc2
{[%clk 1:07:52]} Qb2+ {[%clk 0:25:21]} 52. Kd1 {[%clk 1:08:12]} Bh6
{[%clk 0:25:35]} 53. Ke1 {[%clk 1:07:15]} Ne8 {[%clk 0:22:44]} 54. e5
{[%clk 0:55:28]} Qa1+ {[%clk 0:19:34]} 55. Kf2 {[%clk 0:55:34]} Qxe5
{[%clk 0:19:25]} 56. Kg2 {[%clk 0:55:12]} Ng7 57. Bd1 {[%clk 0:54:11]} Bf4
{[%clk 0:13:18]} 58. Bc2 {[%clk 0:53:00]} Qe3 {[%clk 0:09:25]} 59. Qh7+
{[%clk 0:51:55]} Kf8 {[%clk 0:08:26]} 60. Qd3 {[%clk 0:51:06]} Kg8
{[%clk 0:08:48]} 61. Qxe3 {[%clk 0:49:38]} Bxe3 {[%clk 0:09:11]} 62. Rf6
{[%clk 0:49:28]} h4 {[%clk 0:08:29]} 63. Bg6 {[%clk 0:48:58]} h3+
{[%clk 0:07:55]} 64. Kg3 {[%clk 0:47:42]} Bd4 {[%clk 0:03:58]} 65. Rf1
{[%clk 0:48:02]} Be5+ {[%clk 0:02:59]} 66. Kxg4 {[%clk 0:48:07]} h2
{[%clk 0:03:12]} 67. Kh3 {[%clk 0:48:24]} Bf4 {[%clk 0:02:09]} 68. Kg2
{[%clk 0:48:48]} Be5 {[%clk 0:02:16]} 69. Rf3 {[%clk 0:48:10]} a5
{[%clk 0:02:08]} 70. Rf1 {[%clk 0:48:24]} Bd4 {[%clk 0:00:40]} 71. Kxh2
{[%clk 0:46:19]} Be5+ {[%clk 0:00:57]} 72. Kg2 {[%clk 0:46:33]} Bc3
{[%clk 0:01:12]} 73. Kg3 {[%clk 0:46:52]} Be5+ {[%clk 0:01:36]} 74. Kg4
{[%clk 0:47:11]} Bc3 {[%clk 0:01:39]} 75. Rf3 {[%clk 0:45:12]} Bd2
{[%clk 0:01:17]} 76. Rf2 {[%clk 0:43:45]} Bc3 {[%clk 0:01:15]} 77. Kg5
{[%clk 0:43:22]} Bd4 {[%clk 0:01:29]} 78. Rf3 {[%clk 0:41:50]} Bb2
{[%clk 0:01:45]} 79. Bf7+ {[%clk 0:42:12]} Kf8 {[%clk 0:01:53]} 80. Kg6
{[%clk 0:42:25]} Ne8 {[%clk 0:01:38]} 81. Bxe8+ {[%clk 0:42:43]} Kxe8
{[%clk 0:02:00]} 82. Rf7 {[%clk 0:43:10]} Bc3 {[%clk 0:02:16]} 83. Ra7
{[%clk 0:43:34]} Kd8 {[%clk 0:02:01]} 84. Kf7 {[%clk 0:43:57]} Be5
{[%clk 0:01:11]} 85. Ke6 {[%clk 0:44:18]} Kc8 {[%clk 0:01:31]} 86. Rxa5
{[%clk 0:44:41]} Kb7 {[%clk 0:01:49]} 1-0

[Event "World Chess Olympiad 2018"]
[Site "Batumi"]
[Date "2018.10.01"]
[Round "7"]
[Board "3"]
[WhiteFideId "7400713"]
[White "Smith Shreyas"]
[BlackFideId "11504951"]
[Black "Toom Omar"]
[Result "1-0"]
[LiveChessVersion "1.4.8"]
[BlackElo "1905"]
[WhiteElo "2193"]

1. e4 {[%clk 1:30:55]} c5 {[%clk 1:30:50]} 2. Nc3 {[%clk 1:30:37]} Nc6
{[%clk 1:30:27]} 3. Nf3 {[%clk 1:30:52]} e6 {[%clk 1:29:23]} 4. d4
{[%clk 1:31:12]} cxd4 {[%clk 1:29:31]} 5. Nxd4 {[%clk 1:31:32]} a6
{[%clk 1:29:48]} 6. Nxc6 {[%clk 1:31:53]} bxc6 {[%clk 1:30:09]} 7. Bd3
{[%clk 1:32:17]} Bc5 {[%clk 1:29:46]} 8. O-O {[%clk 1:32:00]} Nf6
{[%clk 1:29:09]} 9. e5 {[%clk 1:32:02]} Nd5 {[%clk 1:28:38]} 10. Ne4
{[%clk 1:32:24]} Qb6 {[%clk 1:27:46]} 11. Qg4 {[%clk 1:29:30]} g6
{[%clk 1:21:07]} 12. c4 {[%clk 1:27:42]} Nb4 {[%clk 1:18:58]} 13. Bb1
{[%clk 1:26:35]} a5 {[%clk 1:16:45]} 14. Qh4 {[%clk 1:19:08]} Be7
{[%clk 1:08:47]} 15. Bg5 {[%clk 1:19:15]} Qd8 {[%clk 1:08:49]} 16. Nf6+
{[%clk 1:19:30]} 1-0

[Event "World Chess Olympiad 2018"]
[Site "Batumi"]
[Date "2018.10.01"]
[Round "7"]
[Board "4"]
[WhiteFideId "3400085"]
[White "Michel Yunis Christian D."]
[BlackFideId "7402074"]
[Black "Christie Joshua"]
[Result "0-1"]
[LiveChessVersion "1.4.8"]
[BlackElo "2198"]
[WhiteElo "2233"]

1. d4 {[%clk 1:30:18]} Nf6 {[%clk 1:30:49]} 2. Nf3 {[%clk 1:29:37]} e6
{[%clk 1:30:38]} 3. c4 {[%clk 1:29:38]} b6 {[%clk 1:30:37]} 4. g3
{[%clk 1:23:53]} Bb7 {[%clk 1:30:36]} 5. Bg2 {[%clk 1:24:07]} Bb4+
{[%clk 1:28:51]} 6. Nbd2 {[%clk 1:20:28]} O-O {[%clk 1:27:47]} 7. O-O
{[%clk 1:17:32]} d5 {[%clk 1:21:16]} 8. Qc2 {[%clk 1:10:35]} Nbd7
{[%clk 1:17:45]} 9. a3 {[%clk 0:57:57]} Bd6 {[%clk 1:16:09]} 10. b4
{[%clk 0:45:51]} c5 {[%clk 1:13:53]} 11. bxc5 {[%clk 0:43:45]} bxc5
{[%clk 1:14:13]} 12. cxd5 {[%clk 0:42:43]} exd5 {[%clk 1:13:51]} 13. Bb2
{[%clk 0:38:51]} Re8 {[%clk 1:09:36]} 14. e3 {[%clk 0:36:56]} Rc8
{[%clk 1:08:11]} 15. Qb3 {[%clk 0:32:47]} Bc6 {[%clk 1:00:00]} 16. Rfc1
{[%clk 0:30:10]} c4 {[%clk 0:57:03]} 17. Qc2 {[%clk 0:30:04]} Qe7
{[%clk 0:52:09]} 18. Rcb1 {[%clk 0:27:24]} g6 {[%clk 0:46:29]} 19. Qc1
{[%clk 0:24:25]} Rb8 {[%clk 0:32:33]} 20. Ne5 {[%clk 0:12:42]} Nxe5
{[%clk 0:21:02]} 21. dxe5 {[%clk 0:13:10]} Bxe5 {[%clk 0:20:07]} 22. Nxc4
{[%clk 0:09:43]} dxc4 {[%clk 0:16:07]} 23. Bxc6 {[%clk 0:08:22]} Rec8
{[%clk 0:01:39]} 24. Bxe5 {[%clk 0:07:44]} Qxe5 {[%clk 0:01:53]} 25. Ba4
{[%clk 0:06:54]} Ne4 {[%clk 0:01:24]} 26. Qc2 {[%clk 0:05:14]} Rxb1+
{[%clk 0:00:47]} 27. Rxb1 {[%clk 0:05:33]} c3 {[%clk 0:00:42]} 28. Rd1
{[%clk 0:03:56]} Nc5 {[%clk 0:00:46]} 29. Rd4 {[%clk 0:03:10]} Nxa4
{[%clk 0:00:40]} 30. Rxa4 {[%clk 0:03:31]} Qf5 {[%clk 0:00:35]} 31. e4
{[%clk 0:03:32]} Qg5 {[%clk 0:00:38]} 32. Rxa7 {[%clk 0:03:23]} Qd2
{[%clk 0:00:39]} 33. Qb3 {[%clk 0:03:50]} Qe1+ {[%clk 0:01:03]} 34. Kg2
{[%clk 0:04:13]} Qxe4+ {[%clk 0:01:28]} 35. Kf1 {[%clk 0:03:10]} Qc4+
{[%clk 0:01:22]} 0-1

[Event "World Chess Olympiad 2018"]
[Site "Batumi"]
[Date "2018.10.01"]
[Round "7"]
[Board "1"]
[WhiteFideId "3000010"]
[White "Rodriguez Vila Andres"]
[BlackFideId "6900224"]
[Black "De La Riva Aguado Oscar"]
[Result "1-0"]
[LiveChessVersion "1.4.8"]
[BlackElo "2475"]
[WhiteElo "2477"]

1. d4 {[%clk 1:30:48]} f5 {[%clk 1:30:15]} 2. c4 {[%clk 1:31:00]} Nf6
{[%clk 1:30:36]} 3. Nc3 {[%clk 1:31:25]} d6 {[%clk 1:29:33]} 4. Bg5
{[%clk 1:30:08]} Nbd7 {[%clk 1:29:18]} 5. Qc2 {[%clk 1:30:31]} g6
{[%clk 1:20:15]} 6. e4 {[%clk 1:29:40]} fxe4 {[%clk 1:19:48]} 7. Nxe4
{[%clk 1:30:03]} Nxe4 {[%clk 1:12:26]} 8. Qxe4 {[%clk 1:30:21]} Bg7
{[%clk 1:12:54]} 9. Nf3 {[%clk 1:25:35]} Nf6 {[%clk 1:07:08]} 10. Qc2
{[%clk 1:25:52]} O-O {[%clk 0:44:16]} 11. Bd3 {[%clk 1:25:28]} Bg4
{[%clk 0:44:39]} 12. Nh4 {[%clk 1:23:25]} e5 {[%clk 0:43:44]} 13. h3 Bd7
{[%clk 0:43:22]} 14. dxe5 {[%clk 1:20:49]} Qe8 {[%clk 0:43:19]} 15. O-O
{[%clk 1:18:46]} Qxe5 {[%clk 0:43:12]} 16. Nf3 {[%clk 1:19:09]} Qc5 17. Be3
{[%clk 1:10:37]} Qa5 {[%clk 0:39:58]} 18. c5 Kh8 {[%clk 0:32:38]} 19. Bd4
{[%clk 1:03:33]} Rae8 {[%clk 0:29:28]} 20. a3 {[%clk 0:53:47]} Bb5
{[%clk 0:28:40]} 21. b4 {[%clk 0:50:54]} Bxd3 {[%clk 0:22:15]} 22. Qxd3
{[%clk 0:51:16]} Qa4 {[%clk 0:22:41]} 23. cxd6 {[%clk 0:51:32]} cxd6
{[%clk 0:23:03]} 24. Rac1 {[%clk 0:48:54]} Qd7 {[%clk 0:18:35]} 25. Rfd1
{[%clk 0:40:12]} b6 {[%clk 0:08:36]} 26. b5 {[%clk 0:40:27]} Ne4 {[%clk 0:08:36]}
27. Rc4 {[%clk 0:37:26]} d5 {[%clk 0:07:12]} 28. Rc6 {[%clk 0:36:14]} Qf7
{[%clk 0:06:46]} 29. Rdc1 {[%clk 0:33:28]} Re7 {[%clk 0:07:08]} 30. Bxg7+
{[%clk 0:28:57]} Kxg7 {[%clk 0:07:05]} 31. Qd4+ {[%clk 0:29:13]} Kg8
{[%clk 0:06:29]} 32. R1c2 {[%clk 0:28:36]} Rd8 {[%clk 0:04:01]} 33. Rc8
{[%clk 0:22:35]} Qe8 {[%clk 0:02:36]} 34. Rxd8 {[%clk 0:22:41]} Qxd8
{[%clk 0:03:01]} 35. Rc6 {[%clk 0:22:07]} Nc5 {[%clk 0:02:30]} 36. Ne5
{[%clk 0:20:01]} Ne6 {[%clk 0:02:02]} 37. Qh4 {[%clk 0:19:31]} Qe8
{[%clk 0:02:29]} 38. Ng4 {[%clk 0:18:50]} Qf8 {[%clk 0:01:03]} 39. Nf6+
{[%clk 0:18:56]} Kg7 {[%clk 0:01:12]} 40. Nxd5 {[%clk 0:46:17]} Re8
{[%clk 0:30:32]} 41. Nc7 {[%clk 0:46:40]} 1-0

[Event "World Chess Olympiad 2018"]
[Site "Batumi"]
[Date "2018.10.01"]
[Round "7"]
[Board "2"]
[WhiteFideId "2260409"]
[White "Aloma Vidal Robert"]
[BlackFideId "3000028"]
[Black "Roselli Mailhe Bernardo"]
[Result "1-0"]
[LiveChessVersion "1.4.8"]
[BlackElo "2439"]
[WhiteElo "2428"]

1. d4 {[%clk 1:30:57]} Nf6 {[%clk 1:30:55]} 2. c4 {[%clk 1:31:21]} g6
{[%clk 1:31:21]} 3. Nc3 {[%clk 1:31:46]} Bg7 {[%clk 1:31:48]} 4. e4
{[%clk 1:32:11]} d6 {[%clk 1:32:14]} 5. h3 {[%clk 1:31:32]} O-O {[%clk 1:32:38]}
6. Be3 {[%clk 1:31:59]} Na6 {[%clk 1:31:10]} 7. g4 {[%clk 1:28:40]} c6
{[%clk 1:27:26]} 8. Nge2 {[%clk 1:25:46]} e5 {[%clk 1:22:48]} 9. d5
{[%clk 1:25:44]} cxd5 {[%clk 1:20:57]} 10. cxd5 {[%clk 1:26:03]} Nc5
{[%clk 1:15:48]} 11. Ng3 {[%clk 1:19:52]} a5 {[%clk 1:15:58]} 12. f3
{[%clk 1:13:59]} Nfd7 {[%clk 1:02:26]} 13. h4 {[%clk 1:12:22]} Re8
{[%clk 0:57:16]} 14. Bb5 {[%clk 0:58:58]} b6 {[%clk 0:54:40]} 15. h5
{[%clk 0:57:39]} Ba6 {[%clk 0:53:27]} 16. Qe2 {[%clk 0:53:30]} Qe7
{[%clk 0:45:52]} 17. O-O-O {[%clk 0:51:58]} Bxb5 {[%clk 0:44:25]} 18. Nxb5
{[%clk 0:51:52]} Rec8 {[%clk 0:44:35]} 19. Kb1 {[%clk 0:52:13]} a4
{[%clk 0:39:18]} 20. Rdg1 {[%clk 0:27:24]} Nb7 {[%clk 0:23:47]} 21. Qh2
{[%clk 0:20:29]} Nf8 {[%clk 0:23:24]} 22. Nf5 {[%clk 0:17:09]} Qd7
{[%clk 0:22:21]} 23. Bh6 {[%clk 0:14:06]} Bxh6 {[%clk 0:21:19]} 24. Nxh6+
{[%clk 0:14:22]} Kh8 {[%clk 0:19:27]} 25. Qh4 {[%clk 0:13:48]} f6
{[%clk 0:16:31]} 26. Qxf6+ {[%clk 0:13:21]} Qg7 {[%clk 0:16:57]} 27. Nf7+
{[%clk 0:13:18]} Kg8 {[%clk 0:17:26]} 28. Qxg7+ {[%clk 0:13:32]} Kxg7
{[%clk 0:17:54]} 29. Nfxd6 {[%clk 0:13:48]} Nxd6 {[%clk 0:18:20]} 30. Nxd6
{[%clk 0:14:13]} Rd8 {[%clk 0:18:47]} 31. Nc4 {[%clk 0:14:01]} Nd7
{[%clk 0:19:15]} 32. g5 {[%clk 0:12:18]} Rac8 {[%clk 0:18:23]} 33. Nd6
{[%clk 0:12:18]} Rc7 {[%clk 0:17:54]} 34. h6+ {[%clk 0:10:39]} Kf8
{[%clk 0:16:28]} 35. Rc1 {[%clk 0:10:47]} Rxc1+ {[%clk 0:15:28]} 36. Rxc1
{[%clk 0:11:14]} Nc5 {[%clk 0:15:52]} 37. Nc4 {[%clk 0:11:24]} Nd7
{[%clk 0:16:17]} 38. f4 {[%clk 0:09:26]} exf4 {[%clk 0:16:24]} 39. Rf1
{[%clk 0:09:48]} Ke7 {[%clk 0:16:15]} 40. Rxf4 {[%clk 0:39:59]} b5
{[%clk 0:44:29]} 41. Na5 {[%clk 0:39:59]} Ne5 {[%clk 0:43:43]} 42. Rf6
{[%clk 0:40:05]} Rd6 {[%clk 0:41:06]} 43. Nc6+ {[%clk 0:39:46]} Nxc6
{[%clk 0:41:29]} 44. Rxd6 {[%clk 0:37:53]} Kxd6 {[%clk 0:41:54]} 45. dxc6
{[%clk 0:38:16]} Kxc6 {[%clk 0:42:20]} 46. Kc2 {[%clk 0:38:41]} Kd6
{[%clk 0:40:49]} 47. Kd3 {[%clk 0:39:05]} Ke5 {[%clk 0:41:07]} 48. Ke3
{[%clk 0:32:32]} b4 {[%clk 0:40:10]} 49. Kf3 {[%clk 0:29:14]} b3 {[%clk 0:30:42]}
50. axb3 {[%clk 0:27:52]} axb3 {[%clk 0:31:04]} 51. Ke3 {[%clk 0:28:20]} Ke6
{[%clk 0:30:54]} 52. Kd4 {[%clk 0:28:40]} Kd6 {[%clk 0:31:18]} 53. Kc4
{[%clk 0:26:58]} Ke5 {[%clk 0:31:43]} 54. Kxb3 {[%clk 0:25:55]} Kf4
{[%clk 0:32:08]} 55. Kc4 {[%clk 0:26:02]} Kxg5 {[%clk 0:32:32]} 56. b4
{[%clk 0:25:43]} Kf6 {[%clk 0:31:16]} 57. b5 {[%clk 0:26:01]} Ke6
{[%clk 0:31:39]} 58. b6 {[%clk 0:26:21]} Kd7 {[%clk 0:32:03]} 59. e5
{[%clk 0:26:16]} Kc6 {[%clk 0:31:55]} 60. e6 {[%clk 0:26:30]} 1-0

[Event "World Chess Olympiad 2018"]
[Site "Batumi"]
[Date "2018.10.01"]
[Round "7"]
[Board "3"]
[WhiteFideId "3003809"]
[White "Lopez Azambuja Nicolas"]
[BlackFideId "6900020"]
[Black "Garcia Paolicchi Raul"]
[Result "1-0"]
[LiveChessVersion "1.4.8"]
[BlackElo "2176"]
[WhiteElo "2322"]

1. d4 {[%clk 1:30:57]} d5 {[%clk 1:30:50]} 2. Bf4 {[%clk 1:31:20]} c5
{[%clk 1:30:55]} 3. e3 {[%clk 1:31:32]} Nc6 {[%clk 1:30:47]} 4. c3
{[%clk 1:31:43]} Qb6 {[%clk 1:24:22]} 5. Qb3 {[%clk 1:31:27]} c4 {[%clk 1:22:49]}
6. Qc2 {[%clk 1:31:17]} Bf5 {[%clk 1:22:12]} 7. Qxf5 {[%clk 1:30:40]} Qxb2
{[%clk 1:21:41]} 8. Qxd5 {[%clk 1:30:41]} Qxa1 {[%clk 1:20:33]} 9. Qb5
{[%clk 1:29:28]} O-O-O {[%clk 1:14:55]} 10. Bxc4 {[%clk 1:24:07]} e6
{[%clk 1:13:47]} 11. Nf3 {[%clk 1:02:53]} Bd6 {[%clk 1:00:25]} 12. Bxd6
{[%clk 0:58:50]} Rxd6 {[%clk 0:59:43]} 13. O-O {[%clk 0:57:37]} Nf6
{[%clk 0:58:23]} 14. Qc5 {[%clk 0:43:43]} Ne4 {[%clk 0:47:29]} 15. Qa3
{[%clk 0:43:51]} Nd8 {[%clk 0:46:14]} 16. Nfd2 {[%clk 0:42:47]} Rb6
{[%clk 0:43:08]} 17. Nb3 {[%clk 0:42:08]} Rxb3 {[%clk 0:43:31]} 18. Bxb3
{[%clk 0:41:30]} Nc6 {[%clk 0:41:14]} 19. f3 {[%clk 0:33:06]} Nd6
{[%clk 0:41:01]} 20. Qxd6 {[%clk 0:32:55]} 1-0

[Event "World Chess Olympiad 2018"]
[Site "Batumi"]
[Date "2018.10.01"]
[Round "7"]
[Board "4"]
[WhiteFideId "2274477"]
[White "Luke Brezmes Cristofer"]
[BlackFideId "101710"]
[Black "Rodi Luis Ernesto"]
[Result "0-1"]
[LiveChessVersion "1.4.8"]
[BlackElo "2308"]
[WhiteElo "2124"]

1. d4 {[%clk 1:30:54]} d5 {[%clk 1:30:50]} 2. Nf3 {[%clk 1:31:13]} Nf6
{[%clk 1:31:13]} 3. Bf4 {[%clk 1:31:01]} e6 {[%clk 1:31:35]} 4. e3
{[%clk 1:31:25]} c5 {[%clk 1:32:00]} 5. c3 {[%clk 1:31:04]} Nc6 {[%clk 1:32:23]}
6. Nbd2 {[%clk 1:28:25]} cxd4 {[%clk 1:32:44]} 7. cxd4 {[%clk 1:25:39]} Nh5
{[%clk 1:32:20]} 8. Bg5 {[%clk 1:25:53]} f6 {[%clk 1:32:12]} 9. Bh4
{[%clk 1:23:45]} g6 {[%clk 1:32:14]} 10. Be2 {[%clk 1:21:32]} Ng7
{[%clk 1:32:25]} 11. a3 {[%clk 1:09:32]} Nf5 {[%clk 1:30:51]} 12. Qc2
{[%clk 1:08:40]} Bd7 {[%clk 1:28:01]} 13. O-O {[%clk 1:04:21]} Bg7
{[%clk 1:25:13]} 14. Nb3 {[%clk 0:50:22]} b6 {[%clk 1:19:15]} 15. Ba6
{[%clk 0:44:04]} Rb8 {[%clk 1:19:35]} 16. Rac1 {[%clk 0:40:01]} O-O
{[%clk 1:18:15]} 17. Qd3 {[%clk 0:33:05]} Na5 {[%clk 1:08:26]} 18. Bb5
{[%clk 0:28:37]} Bxb5 {[%clk 1:08:14]} 19. Qxb5 {[%clk 0:29:03]} Nc4
{[%clk 1:08:28]} 20. Bg3 {[%clk 0:25:25]} Nxg3 {[%clk 0:57:17]} 21. hxg3
{[%clk 0:24:20]} Qe8 {[%clk 0:56:58]} 22. Qxe8 {[%clk 0:20:34]} Rfxe8
{[%clk 0:57:00]} 23. Rc2 {[%clk 0:20:51]} Bf8 {[%clk 0:57:04]} 24. Nfd2
{[%clk 0:20:10]} b5 {[%clk 0:55:58]} 25. Nc5 {[%clk 0:14:14]} Bxc5
{[%clk 0:45:27]} 26. dxc5 {[%clk 0:14:32]} a5 {[%clk 0:45:44]} 27. e4
{[%clk 0:08:27]} Rbc8 {[%clk 0:41:37]} 28. exd5 {[%clk 0:07:14]} exd5
{[%clk 0:41:59]} 29. Nb1 {[%clk 0:06:43]} a4 {[%clk 0:41:41]} 30. Rd1
{[%clk 0:06:10]} Rxc5 {[%clk 0:41:23]} 31. Nc3 {[%clk 0:06:28]} d4
{[%clk 0:24:51]} 32. Nxb5 {[%clk 0:06:07]} d3 {[%clk 0:25:03]} 33. Rxd3
{[%clk 0:04:18]} Re1+ {[%clk 0:25:25]} 0-1

[Event "World Chess Olympiad 2018"]
[Site "Batumi"]
[Date "2018.10.01"]
[Round "7"]
[Board "1"]
[WhiteFideId "6501311"]
[White "Duran Vega Sergio"]
[BlackFideId "10800360"]
[Black "Singe Philip Mbawala"]
[Result "1-0"]
[LiveChessVersion "1.4.8"]
[BlackElo "1845"]
[WhiteElo "2401"]

1. e4 {[%clk 1:30:49]} e5 {[%clk 1:29:25]} 2. Nf3 {[%clk 1:30:54]} Nf6
{[%clk 1:28:13]} 3. Nxe5 {[%clk 1:30:35]} d6 {[%clk 1:28:37]} 4. Nf3
{[%clk 1:30:58]} Nxe4 {[%clk 1:29:02]} 5. Nc3 {[%clk 1:28:36]} Nf6
{[%clk 1:26:08]} 6. d4 {[%clk 1:27:01]} d5 {[%clk 1:26:30]} 7. Bd3
{[%clk 1:24:15]} Be7 {[%clk 1:26:34]} 8. Ne5 {[%clk 1:21:22]} Nc6
{[%clk 1:20:56]} 9. Nxc6 {[%clk 1:18:25]} bxc6 {[%clk 1:19:45]} 10. O-O
{[%clk 1:18:47]} Bg4 {[%clk 1:14:55]} 11. f3 {[%clk 1:16:01]} Bh5
{[%clk 1:11:31]} 12. Ne2 {[%clk 1:15:54]} Bg6 {[%clk 1:10:44]} 13. Nf4
{[%clk 1:14:35]} Bxd3 {[%clk 1:10:16]} 14. Nxd3 {[%clk 1:15:02]} O-O
{[%clk 1:08:30]} 15. c3 {[%clk 1:15:18]} Qb8 {[%clk 1:00:34]} 16. Bg5
{[%clk 1:10:45]} h6 {[%clk 0:59:30]} 17. Bh4 {[%clk 1:08:50]} Re8
{[%clk 0:54:53]} 18. Re1 {[%clk 1:07:55]} g5 {[%clk 0:48:41]} 19. Bf2
{[%clk 1:05:15]} Bd6 {[%clk 0:46:25]} 20. Qd2 {[%clk 0:56:17]} Nh5
{[%clk 0:39:13]} 21. Be3 {[%clk 0:50:57]} f6 {[%clk 0:38:27]} 22. g4
{[%clk 0:49:14]} Ng7 {[%clk 0:38:28]} 23. f4 {[%clk 0:47:44]} Qc8
{[%clk 0:37:35]} 24. f5 {[%clk 0:40:49]} Qd7 {[%clk 0:37:18]} 25. h3
{[%clk 0:34:51]} Re7 {[%clk 0:35:05]} 26. Bf2 {[%clk 0:30:27]} Rae8
{[%clk 0:35:26]} 27. Rxe7 {[%clk 0:28:52]} Rxe7 {[%clk 0:35:04]} 28. Re1
{[%clk 0:29:17]} Kf7 {[%clk 0:32:52]} 29. Kg2 {[%clk 0:28:30]} Qe8
{[%clk 0:32:44]} 30. Rxe7+ {[%clk 0:28:01]} Qxe7 {[%clk 0:32:59]} 31. Qe1
{[%clk 0:27:52]} h5 {[%clk 0:28:34]} 32. Qxe7+ {[%clk 0:25:23]} Kxe7
{[%clk 0:28:48]} 33. Kf3 {[%clk 0:24:40]} h4 {[%clk 0:27:04]} 34. Ke2
{[%clk 0:21:53]} Ne8 {[%clk 0:27:16]} 35. b3 {[%clk 0:16:07]} Kd7
{[%clk 0:26:41]} 36. c4 {[%clk 0:16:21]} Be7 {[%clk 0:25:07]} 37. c5
{[%clk 0:14:55]} Ng7 {[%clk 0:21:03]} 38. Nb4 {[%clk 0:14:13]} Bd8
{[%clk 0:21:08]} 39. Kd2 {[%clk 0:11:54]} a5 {[%clk 0:16:59]} 40. Nc2
{[%clk 0:40:53]} Kc8 {[%clk 0:47:28]} 41. Kc3 {[%clk 0:39:50]} Kb7
{[%clk 0:47:56]} 42. Kb2 {[%clk 0:39:10]} Ka6 {[%clk 0:45:10]} 43. Ka3
{[%clk 0:39:32]} Kb5 {[%clk 0:45:28]} 44. Ne3 {[%clk 0:40:01]} Be7
{[%clk 0:42:12]} 45. Nd1 {[%clk 0:40:12]} Bd8 {[%clk 0:37:10]} 46. Nc3+
{[%clk 0:40:33]} Ka6 {[%clk 0:37:16]} 47. Ka4 {[%clk 0:40:55]} Be7
{[%clk 0:37:39]} 48. Nd1 {[%clk 0:41:15]} Bd8 {[%clk 0:36:57]} 49. Ne3
{[%clk 0:41:35]} Ne8 {[%clk 0:36:28]} 50. Be1 {[%clk 0:41:07]} Ng7
{[%clk 0:30:12]} 51. Bxa5 {[%clk 0:41:22]} Ne8 {[%clk 0:29:40]} 52. Be1
{[%clk 0:41:00]} Ng7 {[%clk 0:29:42]} 53. Nc2 {[%clk 0:40:48]} Ne8
{[%clk 0:29:42]} 54. Nb4+ {[%clk 0:41:12]} Kb7 55. Ka3 Be7 {[%clk 0:28:15]} 56.
Kb2 {[%clk 0:41:08]} Bf8 {[%clk 0:28:02]} 57. a4 {[%clk 0:41:04]} Ng7
{[%clk 0:21:21]} 58. a5 {[%clk 0:37:07]} 1-0